El poema de Parménides: texto griego, traducción y comentario

Guardat en:
Dades bibliogràfiques
Autor principal: Gómez-Lobo M., Alfonso (Autor)
Format: Llibre
Idioma:espanyol
Grec antic
Publicat: Santiago Universitaria 2000
Edició:1a. ed
Col·lecció:El Saber y la Cultura
Matèries:
Etiquetes: Afegir etiqueta
Sense etiquetes, Sigues el primer a etiquetar aquest registre!

MARC

LEADER 00000cam a2200000 a 4500
001 UCD7720
003 CL-VaPUC
008 170407e20000000cl |||||||||||||||||spa|d
020 |a 9789561115107 
041 0 7 |a spa  |2 CL-VaPUC 
041 0 7 |a grc  |2 CL-VaPUC 
082 0 4 |a 182  |b GOM  |2 21 
100 |a Gómez-Lobo M., Alfonso  |e author  |9 591716 
245 1 3 |a El poema de Parménides: texto griego, traducción y comentario 
250 |a 1a. ed 
300 |a 223 p 
942 |c BK 
945 |d 20170407 16:56:00  |a dcastane 
260 |a Santiago  |b Universitaria  |c 2000 
600 0 |a Parménides  |d ca. 515 A.C.-ca. 470 A.C.  |9 870085 
650 7 |a POESIA GRIEGA  |2 CL-VaPUC  |9 265054 
650 0 |a Filosofía antigua   |9 255705 
650 0 |a Filosofía del espíritu  |9 320175 
650 0 |a Presocráticos  |9 325852 
583 |a last modification  |c 20170407 16:56:00  |k Rodrigo Vera 
490 0 |a El Saber y la Cultura 
999 |c 367672  |d 367670 
952 |0 0  |1 0  |3 erb  |4 0  |6 182_000000000000000_GOM_2000  |7 0  |8 A  |9 482690  |a BIBART  |b BIBART  |i 538625K  |o 182 GOM 2000  |p 538625K  |r 2025-03-13  |w 2019-11-24  |y BK  |z Catalogado en:20170407  |k ART